01763nam a2200373 a 4500001001100000003000800011006001900019007001500038008004100053010001700094020001500111040002100126035002000147050002300167082001800190245015200208250001200360260005900372300001600431490003800447500016400485504006300649533015200712651006600864655002900930700002700959700003100986700004101017710001701058711011001075830006401185856012501249999001501374ebr5003167CaPaEBRm u cr cn|||||||||990226s1999 txu sb 101 0 eng  z 99021472  z0890968950 aCaPaEBRcCaPaEBR a(OCoLC)7073617314aDK293b.N48 1999eb04a306/.094722104aThe new elite in post-communist Eastern Europeh[electronic resource] /cVladimir Shlapentokh, Christopher Vanderpool, and Boris Doktorov, editors. a1st ed. aCollege Station :bTexas A&M University Press,cc1999. axix, 402 p.1 aEastern European series ;vno. 10 a"This book grew out of an international conference "The New Elite in the Post-Communist World," held at Michigan State University on November 2-4, 1994"--Pref. aIncludes bibliographical references ([367]-392) and index. aElectronic reproduction.bPalo Alto, Calif. :cebrary,d2013.nAvailable via World Wide Web.nAccess may be limited to ebrary affiliated libraries. 0aFormer Soviet republicsxPolitics and governmentvCongresses. 7aElectronic books.2local1 aShlapentokh, Vladimir.1 aVanderpool, Christopher K.1 aDoktorov, B. Z.q(Boris Zusmanovich)2 aebrary, Inc.2 aInternational Conference "The New Elite in the Post-Communist World"d(1994 :cMichigan State University) 0aEastern European studies (College Station, Tex.) ;vno. 10.40uhttp://site.ebrary.com/lib/rucke/Doc?id=5003167zAn electronic book accessible through the World Wide Web; click to view c1823d1823